Introduction to Pharmaceutics-1 (Record no. 8719)
[ view plain ]
| 000 -LEADER | |
|---|---|
| fixed length control field | 01170nam a22001577a 4500 |
| 003 - CONTROL NUMBER IDENTIFIER | |
| control field | OSt |
| 008 - FIXED-LENGTH DATA ELEMENTS--GENERAL INFORMATION | |
| fixed length control field | 200707b ||||| |||| 00| 0 eng d |
| 020 ## - INTERNATIONAL STANDARD BOOK NUMBER | |
| International Standard Book Number | 9788123902739 |
| 100 ## - MAIN ENTRY--PERSONAL NAME | |
| Personal name | Gupta, Ashok K. |
| 245 ## - TITLE STATEMENT | |
| Title | Introduction to Pharmaceutics-1 |
| 250 ## - EDITION STATEMENT | |
| Edition statement | 3rd |
| Remainder of edition statement | 2019 |
| 260 ## - PUBLICATION, DISTRIBUTION, ETC. (IMPRINT) | |
| Place of publication, distribution, etc | New Delhi |
| Name of publisher, distributor, etc | Birla Publications Pvt. Ltd. |
| 500 ## - GENERAL NOTE | |
| General note | he book is written in a very simple language giving suitable illustrations wherever required to make the students understand the topics in a better manner. Since the Pharmacy Council of India according to Education Regulation 1991 has recast the syllabus for Diploma in Pharmacy in which a large number of new topics like introduction to different dosage forms, drug delivery systems, Ayurvedic dosage forms, introduction to pharmacopoeias micro-encapsulation etc has been incorporated, so it was necessary to bring this book upto the latest requirements of the teachers and students. Every effort has been made to present the material in a very precise manner covering all the topics prescribed by Pharmacy Council of India Education Regulation 1991. |
| 650 ## - SUBJECT ADDED ENTRY--TOPICAL TERM | |
| Topical term or geographic name as entry element | Pharmaceutics (Dispensing and General Pharmacy) |
| 942 ## - ADDED ENTRY ELEMENTS (KOHA) | |
| Source of classification or shelving scheme | Dewey Decimal Classification |
| Koha item type | Text Books |
| Withdrawn status | Lost status | Source of classification or shelving scheme | Damaged status | Not for loan | Collection code | Home library | Current library | Date acquired | Source of acquisition | Currency | Cost, normal purchase price | Bill Number | Total Checkouts | Full call number | Acc. no. / Barcode | Date last seen | Date last borrowed | Actual Cost, discounted price | Bill Date | Koha item type |
|---|---|---|---|---|---|---|---|---|---|---|---|---|---|---|---|---|---|---|---|---|
| Dewey Decimal Classification | B.Pharma | PIET C-LIBRARY | PIET C-LIBRARY | 01/02/2020 | Kirti Prakashan | IN Rupees | 295.00 | IN6239 | 2 | 615.4 GUI | BP752 | 09/03/2023 | 01/03/2023 | 190.28 | 01/02/2020 | Text Books | ||||
| Dewey Decimal Classification | B.Pharma | PIET C-LIBRARY | PIET C-LIBRARY | 01/02/2020 | Kirti Prakashan | IN Rupees | 295.00 | IN6239 | 1 | 615.4 GUI | BP753 | 13/08/2021 | 06/08/2021 | 190.28 | 01/02/2020 | Reference Books |